Технологический контроль емкости провода; Интеграция науки, образования и производства – основа реализации Плана нации (Сагиновские чтения №10); Ч. 3

Библиографические подробности
Источник:Интеграция науки, образования и производства – основа реализации Плана нации (Сагиновские чтения №10): труды Международной научно-практической конференции, 14-15 июня 2018 г., г. Караганда/ Карагандинский государственный технический университет (КарГТУ).— , 2018
Ч. 3.— 2018.— [С. 171-173]
Главный автор: Вавилова Г. В. Галина Васильевна
Автор-организация: Национальный исследовательский Томский политехнический университет Инженерная школа неразрушающего контроля и безопасности Отделение контроля и диагностики
Другие авторы: Рюмкин А. В. Александр Владимирович, Айжамбаева А. Ж.
Примечания:Заглавие с экрана
Язык:русский
Опубликовано: 2018
Серии:Информационно-измерительные системы и инфокоммуникационные технологии
Предметы:
Online-ссылка:http://www.kstu.kz/wp-content/uploads/2018/10/12/Часть%203.pdf#page=172
Формат: Электронный ресурс Статья
Запись в KOHA:https://koha.lib.tpu.ru/cgi-bin/koha/opac-detail.pl?biblionumber=658744

MARC

LEADER 00000naa0a2200000 4500
001 658744
005 20250826112544.0
035 |a (RuTPU)RU\TPU\network\26760 
035 |a RU\TPU\network\26759 
090 |a 658744 
100 |a 20181114d2018 k y0rusy50 ca 
101 0 |a rus 
102 |a RU 
135 |a drcn ---uucaa 
181 0 |a i  
182 0 |a b 
200 1 |a Технологический контроль емкости провода  |f Г. В. Вавилова, А. В. Рюмкин, А. Ж. Айжамбаева 
203 |a Текст  |c электронный 
225 1 |a Информационно-измерительные системы и инфокоммуникационные технологии 
300 |a Заглавие с экрана 
320 |a [Библиогр.: с. 173 (4 назв.)] 
461 |t Интеграция науки, образования и производства – основа реализации Плана нации (Сагиновские чтения №10)  |o труды Международной научно-практической конференции, 14-15 июня 2018 г., г. Караганда  |o в 7 ч.  |f Карагандинский государственный технический университет (КарГТУ)  |d 2018 
463 |t Ч. 3  |v [С. 171-173]  |d 2018 
610 1 |a электронный ресурс 
610 1 |a труды учёных ТПУ 
610 1 |a электрическая емкость 
610 1 |a технологический контроль 
700 1 |a Вавилова  |b Г. В.  |c специалист в области неразрушающего контроля  |c заведующий лабораторией, доцент Томского политехнического университета, кандидат технических наук  |f 1981-  |g Галина Васильевна  |3 (RuTPU)RU\TPU\pers\30684  |9 14964 
701 1 |a Рюмкин  |b А. В.  |g Александр Владимирович 
701 1 |a Айжамбаева  |b А. Ж. 
712 0 2 |a Национальный исследовательский Томский политехнический университет  |b Инженерная школа неразрушающего контроля и безопасности  |b Отделение контроля и диагностики  |3 (RuTPU)RU\TPU\col\23584 
801 2 |a RU  |b 63413507  |c 20190424  |g RCR 
856 4 |u http://www.kstu.kz/wp-content/uploads/2018/10/12/Часть%203.pdf#page=172 
942 |c CF